Κατάλογος Βιβλιοθηκών Mediterranean College

On Strategic Marketing / If You Read Nothing Else on Marketing that Delivers Competitive Advantage and Read These Definitive Articles from Harvard Business Review (Record no. 9747)

MARC details
000 -LEADER
fixed length control field 00875cam a22001814a 4500
005 - ΗΜΕΡΟΜΗΝΙΑ ΚΑΙ ΩΡΑ ΤΕΛΕΥΤΑΙΑΣ ΕΝΗΜΕΡΩΣΗΣ
Πεδίο ελέγχου 20250605163721.0
008 - FIXED-LENGTH DATA ELEMENTS--GENERAL INFORMATION
Πεδίο ελέγχου σταθερού μήκους 250528s ||||||||||||||||||||||||d
035 ## - SYSTEM CONTROL NUMBER
System control number 24915
020 ## - ISBN
ISBN 9781422189887
040 ## - ΠΗΓΗ ΚΑΤΑΛΟΓΟΓΡΑΦΗΣΗΣ
Φορέας πρωτότυπης καταλογογράφησης MC Athens Campus Library
Γλώσσα καταλογογράφησης Ελληνικά, Μοντέρνα (1453-)
Modifying agency MC Athens Campus Library
Κανόνες περιγραφικής καταλογογράφησης AACR2
245 1# - ΤΙΤΛΟΣ ΚΑΙ ΔΗΛΩΣΗ ΥΠΕΥΘΥΝΟΤΗΤΑΣ
Τίτλος On Strategic Marketing / If You Read Nothing Else on Marketing that Delivers Competitive Advantage and Read These Definitive Articles from Harvard Business Review
260 ## - PUBLICATION, DISTRIBUTION, ETC.
Name of publisher, distributor, etc. Harvard Business Review Press,
Date of publication, distribution, etc. 2013
300 ## - PHYSICAL DESCRIPTION
Extent 216
520 ## - SUMMARY, ETC.
Summary, etc. Rethinking Marketing, Branding in the Digital Age, Marketing Myopia, Marketing Malpractice, The Brand Report Card, The Female Economy, Customer Value Propositions in Business Markets, Getting Brand Communities Right, The One Number You Need to Grow, Ending the War Between Sales and Marketing, Index.
942 ## - ADDED ENTRY ELEMENTS (KOHA)
Koha item type Books
Holdings
Τύπος τεκμηρίου Βιβλιοθήκη Τρέχουσα τοποθεσία Barcode Αριθμός εισαγωγής Ημερομηνία απόκτησης Ταξιθετικό σύμβολο Αριθμός αντιτύπου Κατάσταση απόσυρσης Κατάσταση χαμένου Κατάσταση κατεστραμμένου Μη δανεισμός Σύνολο δανεισμών Ημερομηνία τελευταίας εμφάνισης Η τιμή ισχύει από
Books MC Athens Campus Library MC Athens Campus Library 9780000097460 7846 05/06/2025 REF 658.8/02 BHR 1           05/06/2025 05/06/2025

MC Athens Campus Library
Πατησίων 94 & Κοδριγκτώνος 13, 104 34
Πελλήνης 8 & Πατησίων 107, 112 51
Τ: +30 210 8899600

MC Thessaloniki Campus Library
Ίωνος Δραγούμη 21, 54625 | Ίωνος Δραγούμη 15, 54625
Τ: +30 2310 287779 – Τ: +30 2314 440300